[Event "Cap d'Agde op"]
[Site "Cap d'Agde"]
[Date "2006.10.30"]
[Round "6"]
[White "Marcille, Florian"]
[Black "Aflalo, Sophie"]
[Result "1/2-1/2"]
[WhiteElo "1803"]
[BlackElo "1959"]
[PlyCount "83"]
[EventDate "2006.10.26"]
[EventType "swiss"]
[EventRounds "9"]
[EventCountry "FRA"]
[SourceTitle "EXT 2007"]
[Source "ChessBase"]
[SourceDate "2006.11.23"]
[SourceVersion "1"]
[SourceVersionDate "2006.11.23"]
[SourceQuality "1"]

1. e4 c5 2. Nf3 Nc6 3. d4 cxd4 4. Nxd4 Nf6 5. Nc3 e5 6. Ndb5 d6 7. a4 a6 8. Na3 Be7 9. Bg5 0-0 10. Bxf6 Bxf6 11. Nc4 Nd4 12. Nd5 Bg5 13. c3 Nc6 14. Ndb6 Rb8 15. Qxd6 Qe8 16. Be2 Be7 17. Qd3 Be6 18. 0-0 Rd8 19. Qc2 f5 20. Rad1 Qf7 21. Rxd8 Bxd8 22. exf5 Bxf5 23. Bd3 Bxd3 24. Qxd3 Kh8 25. Qd7 Qg6 26. Qxb7 Na5 27. Qc8 Re8 28. Qc5 Bxb6 29. Nxb6 Nb3 30. Qe3 Qc6 31. Rd1 Kg8 32. Nd7 Qxa4 33. Qd3 e4 34. Qd5+ Kh8 35. Ne5 h6 36. h3 Nc5 37. Rd4 Qa1+ 38. Rd1 Qa4 39. Rd4 Qc2 40. Ng6+ Kh7 41. Qxc5 Kxg6 42. Qc6+ 1/2-1/2